MARC

LEADER 00000nas a22000001a 4500
001 vtls010299744
003 SK-MaSNL
005 20260228163004.0
008 110810c1955uuuuxo mr p r 0 b0slo
015 |a SNBDS17XX9999 
015 |a 0593  |2 Balúnová 1945-60 
015 |a 0272  |2 Janů 1961-65 
038 |a SNKBUDS 
040 |a SNK  |b slo  |c SNK  |e AACR2 
041 0 |a slo 
044 |a xo  |c SK 
080 |a 793.7  |2 2001 
245 0 0 |a Krížovkár a hádankár 
260 |a Bratislava  |b Slovenská odborová rada  |b Práca, vydavateľstvo ROH  |c 1955-12/VI 1960 
260 2 |3 1/VII 1961-1/XI 1965  |a Bratislava  |b Vydavateľstvo Osveta 
260 3 |3 2/XI 1965-  |a Bratislava  |b Vydavateľstvo obzor 
300 |a roč.  |c 30 x 22 cm 
310 |a 1x mesačne 
362 0 |a Roč. I, č. 1 (1955)- 
500 |a Vych. v Bratislave mesačne vo formáte 30 x 22 cm, od 1/VII (1961) 29 x 20,5 cm 
500 |a Ved. red. Pavol Štefánik, od 2/I (20. febr. 1955) František Palla, od 6/IV (1. júna 1958) Ján Adámek 
500 |a Vyd. Slovenská odborová rada a Práca, vyd. ROH v Bratislave, od 1/VII (1961) Vyd. Vydavateľstvo Osveta, od č. 2, roč. XI. (1965) Vydavateľstvo Obzor 
500 |a Tlač. Pravda, vyd. ÚV KSS, záv. v Žiline, od 2/I (20. febr. 1955) Knižné závody, n. p. v Bratislave, od 7/I (15. júla 1955) Polygrafické závody, n. p. záv. 2 v Bratislave 
500 |a Pov. PIO č. 9-3846/54-II. 
505 8 0 |g Roč. I. 1955 12 č. po 16 s. 
505 8 0 |g Roč. II. 1956 12 č. po 16 s. 
505 8 0 |g Roč. III. 1957 12 č. po 16 s. 
505 8 0 |g Roč. IV. 1958 12 č. po 16 s. 
505 8 0 |g Roč. V. 1959 12 č. po 16 s. 
505 8 0 |g Roč. VI. 1960 12 č. po 16 s. 
505 8 0 |g Roč. VII. 1961 12 č. po 16 s. 
505 8 0 |g Roč. VIII. 1962 12 č. po 16 s. 
505 8 0 |g Roč. IX. 1963 12 č. po 16 s. 
505 8 0 |g Roč. X. 1964 12 č. po 16 s. 
505 8 0 |g Roč. XI. 1965 12 č. po 16 s. 
580 |a Nadviazal na čas. Slovenská krížovka a hádanka, ktorý vych. v r. 1946-1948 
650 0 7 |a krížovky  |2 SNKPH  |9 3313 
650 0 7 |a hádanky  |2 SNKPH  |9 1511 
655 7 |a zábavné časopisy  |2 SNKBUDS  |9 145589 
700 1 |a Štefánik, Pavol,  |d 1920-2010  |4 pbd  |9 13609 
700 1 |a Palla, František  |4 pbd  |9 272700 
700 1 |a Adámek, Ján  |4 pbd  |9 268682 
710 1 |a Slovensko.  |b Slovenská odborová rada  |4 pbl  |9 272701 
710 2 |a Vydavateľstvo Práca (Bratislava, Slovensko)  |9 57483 
710 2 |a Tlačiarenské závody Pravda (Bratislava, Slovensko)  |9 268832 
710 2 |a Knižné závody (Bratislava, Slovensko)  |4 prt  |9 266083 
710 2 |a Polygrafické závody (Bratislava, Slovensko)  |9 157291 
710 2 |a Osveta (vydavateľstvo : Martin, Slovensko)  |9 57502 
710 2 |a Obzor (vydavateľstvo : Bratislava, Slovensko)  |9 57549 
780 0 0 |t Slovenská krížovka a hádanka 
852 |a SNK  |b 10000  |h ČSB 1445 
852 |a UKB  |b 300000  |h SB 2260 
852 |a UKB  |b 300000  |h 20 B 1330 
852 |a SVKKK  |b 900000  |h C 501 
999 |c 8686  |d 10616 
952 |0 0  |1 0  |4 0  |7 0  |a SNK  |b SNK  |d 2026-01-29  |i snkČSP 158/56  |l 0  |o snkČSB 1445/1/1955 D1  |p 17A1318194  |r 2026-02-21 20:12:22  |t č.1-12  |w 2026-02-21  |y PREZ 
952 |0 0  |1 0  |4 0  |7 0  |a SNK  |b SNK  |d 2026-01-29  |i snkČSP 75/57  |l 0  |o snkČSB 1445/2/1956 D1  |p 17A1318195  |r 2026-02-21 20:12:22  |t č. 1-12  |w 2026-02-21  |y PREZ 
952 |0 0  |1 0  |4 0  |7 0  |a SNK  |b SNK  |d 2026-01-29  |i snkČSP 252/58  |l 0  |o snkČSB 1445/3/1957 D1  |p 17A1318197  |r 2026-02-21 20:12:22  |t č. 1-12  |w 2026-02-21  |y PREZ 
952 |0 0  |1 0  |4 0  |7 0  |a SNK  |b SNK  |d 2026-01-29  |i snkČSP 260/59  |l 0  |o snkČSB 1445/4/1958 D1  |p 17A1318196  |r 2026-02-21 20:12:22  |t č. 1-12  |w 2026-02-21  |y PREZ 
952 |0 0  |1 0  |4 0  |7 0  |a SNK  |b SNK  |d 2013-02-04  |i snkČSP 626/63  |l 0  |o snkČSB 1445/8/1962 D1  |p 17A1053369  |r 2026-02-21 21:30:35  |t č. 1-12  |w 2026-02-21  |y PREZ 
952 |0 0  |1 0  |4 0  |7 0  |a SNK  |b SNK  |d 2019-08-27  |i snkČSP 812/67  |l 0  |o snkČSB 1445/12/1966 D1  |p 17A1347141  |r 2026-02-21 22:29:02  |t č. 1-12  |w 2026-02-21  |y PREZ